| 000 | 00451cam a2200169ua 4500 | ||
|---|---|---|---|
| 001 | 6156 | ||
| 008 | 131125n ii |||gr||||Z||||||eng | ||
| 040 | _cMAIN | ||
| 082 | _a658.1511 | ||
| 245 |
_aManagement accounting _cBy N.P. Srinivasan |
||
| 260 |
_aNew Delhi: _bSterling Publishers Private LTD, _c1988. |
||
| 300 | _ax,664p. | ||
| 653 | _aGeneral management | ||
| 653 | _aManagement Accounting | ||
| 700 |
_aSrinivasan,N.P., _eAuthor. |
||
| 942 | _cBK | ||
| 999 |
_c5308 _d5308 |
||